000 00544nam a22001937a 4500
005 20251108164709.0
008 250721s1973 xx 000 0 ara d
082 1 4 _a801.9/كار
100 1 _aكارلوني، ج . س
245 1 0 _aالنقد الأدبي /
264 1 _aبيروت :
_bمنشورات عويدات،
_c1973.
300 _a157ص
490 0 _aزدني علما
650 1 7 _aالنقد الأدبي
700 1 _aفيللو، ج . س
700 1 _aسالم، كيتي
_eترجمة
942 _2ddc
_cBK
999 _c12084
_d12084